История предпринимательства на Дальнем Востоке России, конец XX - начало XXI (Запись № 994098)

Подробности
000 -МАРКЕР
контрольное поле 02437nam0a2200409 4500
001 - ИДЕНТИФИКАТОР ЗАПИСИ
контрольное поле RU\NLR\bibl\1083073
005 - ИДЕНТИФИКАТОР ВЕРСИИ
контрольное поле 20260405141432.0
010 ## - МЕЖДУНАРОДНЫЙ СТАНДАРТНЫЙ НОМЕР КНИГИ (ISBN)
Номер (ISBN) 5-8044-0761-9
Тираж 300
021 ## - НОМЕР ГОСУДАРСТВЕННОЙ РЕГИСТРАЦИИ
Код страны Российская Федерация
Номер 2007-21815
Номер Листа государственной регистраци 1149
035 ## - ДРУГИЕ СИСТЕМНЫЕ НОМЕРА
Идентификатор записи (NLR Aleph) 001070247
100 ## - ДАННЫЕ ОБЩЕЙ ОБРАБОТКИ
Данные общей обработки 20070508d2006 |||y0rusy50 ca
101 0# - ЯЗЫК РЕСУРСА
Язык текста, звукозаписи и т.д. русский
Язык резюме английский
Язык оглавления английский
102 ## - СТРАНА ПУБЛИКАЦИИ ИЛИ ПРОИЗВОДСТВА
Страна публикации Российская Федерация
105 ## - ПОЛЕ КОДИРОВАННЫХ ДАННЫХ: ТЕКСТОВЫЕ МАТЕРИАЛЫ, МОНОГРАФИЧЕСКИЕ
Кодированные данные о монографическом текстовом документе a |||||||||
200 1# - ЗАГЛАВИЕ И СВЕДЕНИЯ ОБ ОТВЕТСТВЕННОСТИ
Основное заглавие История предпринимательства на Дальнем Востоке России, конец XX - начало XXI
Параллельное заглавие History of entrepreneurship in the Russian Far East the end of XX - the beginning of the XXI century
Первые сведения об ответственности Л.А. Моисеева, А.С. Ващук
Последующие сведения об ответственности Рос. акад. наук, Дальневост. отд-ние, Ин-т истории, археологии и этнографии Дал. Востока ДВО РАН
Язык параллельного заглавия английский
210 ## - ПУБЛИКАЦИЯ, РАСПРОСТРАНЕНИЕ И ДР.
Место издания, распространения и т.д. Владивосток
Имя издателя, распространителя и т. д. ДВО РАН
Дата издания, распространения и т.д. 2006
215 ## - ФИЗИЧЕСКАЯ ХАРАКТЕРИСТИКА
Специфическое обозначение материала и объем 347 с.
Другие сведения о физической характеристике ил.
Размеры 27
300 ## - ОБЩИЕ ПРИМЕЧАНИЯ
Текст примечания Авт. также на англ. яз.: L.A. Moiseyeva, A.S. Vashcuk
300 ## - ОБЩИЕ ПРИМЕЧАНИЯ
Текст примечания На 4-й с. обл. авт.: Моисеева Л.А., д.ист.н., проф., засл. работник высш. шк. Рос. Федерации, Ващук А.С., д.ист.н., проф.
300 ## - ОБЩИЕ ПРИМЕЧАНИЯ
Текст примечания Рез. на англ. яз.
320 ## - ПРИМЕЧАНИЯ О НАЛИЧИИ В ДОКУМЕНТЕ БИБЛИОГРАФИИ / УКАЗАТЕЛЯ
Текст примечания Библиогр.: с. 11-14 и в конце гл.
320 ## - ПРИМЕЧАНИЯ О НАЛИЧИИ В ДОКУМЕНТЕ БИБЛИОГРАФИИ / УКАЗАТЕЛЯ
Текст примечания Др. произведения авт. на 4-й с. обл.
510 0# - ПАРАЛЛЕЛЬНОЕ ЗАГЛАВИЕ
Связь между полями z11790
Параллельное заглавие History of entrepreneurship in the Russian Far East the end of XX - the beginning of the XXI century
Язык заглавия английский
606 1# - НАИМЕНОВАНИЕ ТЕМЫ КАК ПРЕДМЕТ
Наименование темы Предпринимательство
Географический подзаголовок Российская Федерация
-- Дальний Восток
Хронологический подзаголовок 20 - 21 вв.
Системный номер авторитетной/нормативной записи 2472239
Идентификатор авторитетной/нормативной записи RU\NLR\auth\661468211
686 ## - ИНДЕКСЫ ДРУГИХ КЛАССИФИКАЦИЙ
Индекс У9(2)-13(2Р55)
700 #1 - ИМЯ ЛИЦА - ПЕРВИЧНАЯ ОТВЕТСТВЕННОСТЬ
Код отношения Автор
Материалы, к которым относится поле rus
Графика поля Кириллица
Начальный элемент ввода Моисеева
Часть имени, кроме начального элемента ввода Л. А.
Дополнения к именам, кроме дат д-р ист. наук
Расширение инициалов личного имени Любовь Андреевна
Идентификатор авторитетной/нормативной записи RU\NLR\auth\7752142
Системный номер авторитетной/нормативной записи 35075
701 #1 - ИМЯ ЛИЦА - АЛЬТЕРНАТИВНАЯ ОТВЕТСТВЕННОСТЬ
Код отношения Автор
Материалы, к которым относится поле rus
Графика поля Кириллица
Начальный элемент ввода Ващук
Часть имени, кроме начального элемента ввода А. С.
Даты 1948-
Расширение инициалов личного имени Ангелина Сергеевна
Идентификатор авторитетной/нормативной записи RU\NLR\auth\7757499
Системный номер авторитетной/нормативной записи 40431
790 #1 - ИМЯ ЛИЦА - АЛЬТЕРНАТИВНАЯ ФОРМА
Код отношения Автор
Материалы, к которым относится поле rus
Графика поля Латинская
Начальный элемент ввода Moiseeva
Часть имени, кроме начального элемента ввода L. A.
Дополнения к именам, кроме дат д-р ист. наук
Расширение инициалов личного имени Ljubov' Andreevna
Идентификатор авторитетной/нормативной записи RU\NLR\auth\7757261
Системный номер авторитетной/нормативной записи 40193
790 #1 - ИМЯ ЛИЦА - АЛЬТЕРНАТИВНАЯ ФОРМА
Код отношения Автор
Материалы, к которым относится поле rus
Графика поля Латинская
Начальный элемент ввода Vaščuk
Часть имени, кроме начального элемента ввода A. S.
Даты 1948-
Расширение инициалов личного имени Angelina Sergeevna
Идентификатор авторитетной/нормативной записи RU\NLR\auth\7757505
Системный номер авторитетной/нормативной записи 40437
801 #0 - ИСТОЧНИК ЗАПИСИ
Страна Российская Федерация
Организация NLR
Дата составления 20070508
Правила каталогизации RCR
801 #1 - ИСТОЧНИК ЗАПИСИ
Страна Российская Федерация
Организация NLR
Дата составления 20070508
830 ## - ОБЩЕЕ ПРИМЕЧАНИЕ, СОСТАВЛЕННОЕ КАТАЛОГИЗАТОРОМ
Текст примечания Авт. по кн.
942 ## - ДОПОЛНИТЕЛЬНЫЕ ЭЛЕМЕНТЫ ЗАПИСИ (АБИС)
Тип экземпляра АБИС Книга
980 ## - КОЛЛЕКЦИЯ
Название коллекции Национальная библиография
Экземпляры
Тип экземпляра Дата поступления Источник поступления Библиотека постоянного хранения Библиотека текущего хранения Место хранения Шифр хранения Штрих-код Статус экземпляра
Книга 08.05.2007 Обязательный экземпляр РНБ (Московский) РНБ (Московский) Русский книжный фонд: издания с 1957 года 2007-7/2838 2428873  
Книга 08.05.2007 Обязательный экземпляр РНБ (Московский) РНБ (Московский) Русский книжный фонд: издания с 1957 года 2007-7/2838 2428875